LEADER 01723nam a2200325 u 4500 001 000000016374 003 CaOOAMICUS 005 20070226110003.0 008 941010s1987 it u000 u ita u 020 $a88-209-1562-6 035 $a10383360 040 $aPUL$bita 041 0 $aita$afre$aspa 111 2 $aSimposio internazionale in onore di Sisto V$d(1985 :$cGrottammare).$0(OLS)http://pul/name/14892 245 13$aLa Bibbia "Vulgata" dalle origini ai nostri giorni :$batti del simposio internazionale in onore di Sisto V, Grottammare, 29-31 agosto 1985 /$ca cura di Tarcisio Stramare. 260 $aRoma :$bAbbazia di San Girolamo ;$aCittą del Vaticano :$bLibreria Vaticana,$c1987. 300 $a197 p. :$bant. (ritr.) ;$c27 cm 490 1 $aCollectanea Biblica Latina ;$v16 600 04$aSixtus PP.$bV,$d1521-1590$xCongressi.$0(OLS)http://pul/subject/11601 630 04$aBiblia$vCongressi.$0(OLS)http://pul/subject/9582 700 1 $aStramare, Tarcisio,$cO.S.J,$d1928-2020.$0(OLS)http://pul/name/14893 830 0$aCollectanea Biblica Latina ;$v16.$0(OLS)http://pul/title/618 850 $aPUL 852 $aPUL$W1$xSL Religione 1$y3$m1(7) D 1$j23058$nBK-PRI$b $qStampati$B23058$CPULBib$Z2$F23058 $H $81 941 1 $a8 961 $aINV: 60276 996 $6020$a88-209-1562-6$9(OLS)http://pul/number/20987 996 $6245$aLa Bibbia "Vulgata" dalle origini ai nostri giorni :$batti del simposio internazionale in onore di Sisto V, Grottammare, 29-31 agosto 1985$9(OLS)http://pul/title/23384 996 $6260$aRoma :$bAbbazia di San Girolamo$9(OLS)http://pul/publisher/55034 996 $6260$aCittą del Vaticano :$bLibreria Vaticana$9(OLS)http://pul/publisher/51280 LEADER 01796namaa2200325 i 4500 001 000000178288 003 CaOOAMICUS 005 20251211135051.0 007 tu 008 251211s2024 it m 000 u eng r 040 $aPUL$bita$erda 100 1 $aDuda, Lukasz,$csacerdote,$d1992-,$eautore dissertazione.$0(OLS)http://pul/name/114714 245 14$aThe Truth about man as the criterion of bioethics :$bKarol Wojtyla and Leon Kass on the Meaning of the Human /$cFr. Lukasz Duda. 264 1$aRoma :$b[s.n.],$c[2024] 300 $a67 pagine ;$c24 cm 336 $atesto$btxt$2rdacontent 337 $asenza mediazione$bn$2rdamedia 338 $avolume$bnc$2rdacarrier 500 $a In testa al frontespizio: Pontificium Institutum Theologicum Ioannes Paulus II Pro Scientiis De Matrimonio et Familia apud Pontificiam Universitatem Lateranensem. 502 $aEstratto della Tesi di dottorato in S. Teologia del matrimonio e della famiglia-- Pontificio Istituto Teologico Giovanni Paolo II per le scienze del matrimonio e della famiglia, 2024. 504 $aBibliografia : pagine [55]-66. 600 04$aIohannes Paulus PP.$bII,$cs.,$d1920-2005$xConcezione dell'uomo.$0(OLS)http://pul/subject/41864 650 4$aBioetica e teologia.$0(OLS)http://pul/subject/44480 710 2 $aPontificio Istituto Giovanni Paolo II per Studi su Matrimonio e Famiglia.$kTesi.$0(OLS)http://pul/name/82125 850 $aPUL 852 $aPUL$W1$xDP1 Tesi Ist.Giovanni Paolo II$y67$m2024 B 5$j200877$qTesi$B207386$CPULBib$Z2$F207386 $82 941 1 $a16 996 $6245$aThe Truth about man as the criterion of bioethics :$bKarol Wojtyla and Leon Kass on the Meaning of the Human$9(OLS)http://pul/title/219862 996 $6264$aRoma :$b[s.n.]$9(OLS)http://pul/publisher/47958